[Event "2021 WA State Championship"]
[Site "Chess.com"]
[Date "2021.02.15"]
[Round "7"]
[White "Vijaykumar, Advaith"]
[Black "He, Anthony"]
[Result "0-1"]
[WhiteElo "2026"]
[BlackElo "2500"]
[Annotator "Anthony He"]
[PlyCount "48"]
[EventDate "2021.??.??"]
[TimeControl "3600+10"]

{[%evp 0,48,25,26,18,18,39,5,14,12,8,4,11,10,13,15,7,26,14,28,45,8,38,4,43,-7,
-6,-3,0,-89,-28,-79,-68,-42,-55,-195,-104,-100,-79,-78,-79,-85,-156,-378,-614,
-640,-1007,-521,-897,-1613,-2348]} 1. d4 Nf6 2. Nf3 g6 3. e3 Bg7 4. Be2 O-O 5.
O-O {Not what I expected from my opponent, but it's a rather timid approach
and White can't really expect much from such lines. However, the point I
assume is to prevent Black from getting Grunfeld type positions by refraining
from putting his knight on c3.} b6 6. b3 $6 {I don't get the point of this,
since this doesn't contribute to the idea behind playing e3 Be2.} (6. c4 $5 {
Probably the expected approach, even though White eventually has to go Nc3
sooner or later.} Bb7 (6... d5 $4 7. cxd5 Nxd5 {For example, if I were to play
in the spirit of Grunfeld, White gets a comfortable edge beacuse his knight is
not yet on c3.} 8. e4 Nf6 9. Nc3 $16 {I had no option to go Nxc3 after e4.}) 7.
Nc3 d5 8. cxd5 Nxd5 $11 {[%csl Gc3]}) 6... Bb7 7. Bb2 c5 8. c4 e6 $5 {I
decided to play such positions. This is basically Reti in reverse but I'm down
a tempo. However I believed this was still playable as the pawn structure is
very flexible.} 9. Nc3 d6 10. Qc2 Qe7 11. Rfd1 a6 {Just prophylaxis against
dxc5 + Nb3 ideas.} 12. e4 $2 {[%csl Rb2,Re4] I think this is the first mistake.
First of all it wastes a tempo by going e3-e4. Additionally, his bishop is not
so well placed on b2 and in Maroczy/hedgehog structures his bishop should be
on e3. Finally, it willingly puts a target on e4 already attacked by both my
f6 knight and b7 bishop.} (12. Rac1 {[%cal Gc2b1,Gb1a1] Could have been a
better and more normal idea.} Rd8 $11 {[%cal Gb8d7,Ga8c8] Nothing crazy is
going on but I think Black's position is relatively pleasant.}) 12... cxd4 13.
Nxd4 Nbd7 14. b4 $2 {Another mistake. Again, such ideas rarely work and are
only supported if the bishop is on e3. In this case, this just creates another
weakness on c4 and b5 is never seriously considerable.} (14. Bf1 $1 {I believe
this is probably best, just trying to consolidate and prepare against d5/b5
breaks while preparing Re1 if needed.} Rac8 15. Qe2 Rfd8 $13 {[%cal Gd6d5]
Black will play for d5 in the long term.} (15... Rfe8 16. f3 h5 $13 {[%cal
Gd7e5,Gf6d7,Gg6g5] Typical hedgehog position.})) 14... Rac8 $6 (14... Rfc8 $1 {
Intuitively I felt that this somehow was more accurate than Rac8 because it
completely stops b5 ideas due to the rook being on a8, but I liked the idea of
Rac8 + Rfd8 and then breaking open with d5.} 15. b5 (15. Bf1 Ne5 {[%csl Rc4,
Re4]}) (15. Rac1 Bh6 16. Rb1 Ne5 17. b5 Bg7 18. Bf1 Nxc4 19. Bc1 Ng4 20. h3
Nge5 21. bxa6 Bxa6 $19) 15... Ne5 16. bxa6 Bxa6 17. Ncb5 Bb7 18. f3 d5 {
Now we see the difference. With the rook on a8 White has no Ba3. However if I
went Rac8 White would have Ba3 here.}) 15. f3 $2 {Game is pretty much decided
after this final innacuracy.} (15. b5 $1 {He had to take advantage of this
moment to play b5, otherwise b4 was totally pointless. In deeper lines we see
the innacuracy behind Rac8.} Ne5 (15... Rfd8 16. bxa6 Bxa6 17. Ndb5 Nc5 18. f3
h5 $15 {Is still better for Black but less clear.}) 16. bxa6 Bxa6 17. Ncb5 Bb7
18. f3 Rfd8 (18... d5 {No longer possible since our rook gave up control of
the a3 square.} 19. Ba3) 19. Ba3) 15... d5 {Critical move.} 16. exd5 exd5 17.
Qb3 (17. cxd5 {The best try.} Qe3+ (17... Qxb4 $5 {Adequate as well.} 18. Qb3
Qa5 19. Nc6 Bxc6 20. dxc6 Rxc6 21. Nd5 Nxd5 22. Bxg7 Kxg7 23. Rxd5 Nc5 24. Qb2+
Kg8 $17 {White will suffer but has hopes of holding at least.}) 18. Kh1 Nxd5
19. Nxd5 Rxc2 20. Nxe3 Rxb2 21. Ndc2 Bc8 22. Rdb1 b5 $17 {[%cal Gf8e8,Gd7b6]
Black is much better still but it will require some technical work.}) 17...
dxc4 18. Bxc4 Ne5 19. Bf1 Rfd8 {[%cal Gd8d4,Ge5f3,Ge7e3] All sorts of
sacrifices hang in the air.} 20. Nc2 $2 {Losing, but it was difficult to
suggest another move.} (20. Na4 Nd5 $17 {[%csl Rg1][%cal Gh7h5,Ge7g5,Gd5f4]})
20... Bxf3 $19 {[%csl Ra1,Rb2,Rb3,Rc2,Rc3] Such moves should be able to be
played without thinking. Even if you don't calculate everything you can see
White's knight, queen, bishop, and rook on the queenside and quickly deduce
this is mate.} 21. gxf3 Nxf3+ {Critical move.} 22. Kf2 Nd2 {Nice and simplest
resource.} 23. Rxd2 (23. Qa3 Ng4+ $19 {[%cal Ge7e5,Ge7h4]}) 23... Rxd2+ 24. Be2
$6 (24. Kg1 Ng4 $19) 24... Rxc3 0-1

[Event "Invitational"]
[Site "Chess.com"]
[Date "2021.02.15"]
[Round "7"]
[White "Ackerman, Ryan"]
[Black "Bian, Erin"]
[Result "0-1"]
[WhiteElo "1922"]
[BlackElo "1795"]
[Annotator "Erin Bian"]
[PlyCount "96"]
[EventDate "2021.02.13"]
[EventType "tourn"]
[EventRounds "9"]
[WhiteClock "0:09:39"]
[BlackClock "0:05:59"]

{[%evp 0,96,18,18,27,-9,0,-2,27,6,9,-15,37,8,2,15,5,-21,-11,-30,5,-15,-13,-9,
12,8,23,-14,-4,-32,-32,-32,-30,-50,-54,-83,-88,-140,-135,-142,-148,-158,-137,
-126,-116,-181,-144,-135,-128,-147,-135,-126,-120,-128,-128,-149,-128,-128,
-114,-110,-106,-117,-131,-129,-114,-145,-152,-182,-152,-237,-241,-226,-234,
-236,-245,-240,-240,-287,-242,-335,-335,-332,-333,-398,-345,-406,-394,-412,
-420,-444,-418,-431,-416,-439,-448,-495,-499,-29999,-30000] This was the 7th
round of the Invitational section of the WA State Championship. I had drawn 3
games in a row and was hoping to get a win this round.} 1. d4 Nf6 2. c4 e6 3.
Nf3 {This came as a surprise, as my opponent normally plays 3. Nc3.} b6 {
The Queen's Indian Defense.} 4. Bg5 h6 5. Bh4 c5 $6 {Inaccurate, as this
allows white to play d5.} (5... Bb7 6. Nc3 Be7 7. e3 O-O) 6. d5 d6 7. Nc3 Be7
8. Bxf6 $6 {This is too rushed. White does not need to give up the bishop pair.
} Bxf6 9. Qc2 Bxc3+ $5 {In my opinion a good decision, trading off the bad
bishop before white plays Ne4.} 10. Qxc3 O-O 11. e4 e5 {Closing the center.} (
11... exd5 12. cxd5 Re8 {May have been better.}) 12. Bd3 Nd7 13. g4 {Aiming to
attack black on the kingside, but this leaves the f4 square very weak.} Re8 {
clearing f8 for the knight.} 14. Rg1 Nf8 15. g5 h5 (15... hxg5 16. Nxg5 {
Is good too, but why not close off the attack?}) 16. h4 Ng6 17. Be2 Bg4 {
Looking to remove the defender of h4 with Bxf3.} 18. Nh2 $2 {Unaware of the
threat, white offers a trade of bishops, dropping a pawn.} Bxe2 19. Kxe2 Nxh4
$1 {White does not have anything after this pawn-grabbing move. Black's knight
will reroute to f4 in the upcoming moves.} 20. Nf1 Ng6 21. Kd2 Nf4 22. Ne3 g6 {
Guarding f5 and solidifying h5.} 23. Rg3 a6 {Now that I have locked the
kingside, I will try to open up the queenside with b5.} 24. Ng2 Nxg2 25. Rxg2
b5 26. b3 bxc4 27. Qxc4 Qa5+ 28. Qc3 Qxc3+ {The engine dislikes this, but I
wanted to trade into a rook endgame up a pawn.} (28... Qb5 29. Rb1 Qd7 30. Rgg1
a5 31. Qf3 Reb8) 29. Kxc3 Rab8 30. a3 a5 31. Rg3 Rb5 {Looking to double on the
b-file.} 32. Kc4 Reb8 33. Rf3 Kg7 34. Rh1 a4 $1 {Isolates a3 and makes e4 a
potential target.} 35. bxa4 Ra5 36. Rb3 Rxa4+ 37. Kc3 Rba8 38. Ra1 R8a6 $6 {
Preventing Rb6, But I could have taken on e4 right away.} (38... Rxe4 39. Rb6
h4 40. Rxd6 h3 41. Rc6 h2 {Threatening Rxa3+.} 42. Rh1 Rxa3+ {-+}) 39. Kb2 $2
Rxe4 {-+ And the rest was easy.} 40. f3 Rd4 41. Kc3 Rxd5 42. Kc4 Rd4+ 43. Kb5
Rda4 44. Rd3 R4a5+ 45. Kc4 f6 46. gxf6+ Kxf6 47. Kd5 Ra4 48. Rb3 $2 Rd4# {
ErinBian won by checkmate Interesting checkmate! I was happy to win this game,
as it put me in the competition for 1st again.} 0-1

[Event "Premier"]
[Site "Chess.com"]
[Date "2021.02.15"]
[Round "8"]
[White "Whale, Nicholas"]
[Black "Moroney, Tim"]
[Result "1-0"]
[WhiteElo "2074"]
[BlackElo "2048"]
[Annotator "Nicholas Whale"]
[PlyCount "59"]
[EventDate "2021.02.13"]
[EventType "tourn"]
[EventRounds "9"]

{I had a pretty disappointing event this year. Before this round I had already
let two winning positions as Black slip first into draws, and then all the way
to losses, which was quite dispiriting and put me way out of contention for
the top places. But on the bright side, that meant no pressure to produce a
win anymore. So I managed to finish much better, with 2.5 out of the final 3,
and this game was my favorite.} 1. e4 c5 2. Ne2 {Everyone seemed to be
avoiding all my preparation, so by this point I just thought \"screw it, let's
purposefully play something weird.\" But Tim was unfazed.} d6 3. Nbc3 Nf6 4. g3
g6 5. Bg2 Bg7 6. O-O O-O 7. d3 Nc6 8. h3 Rb8 {We ended up in a Closed Sicilian
position where the most common move is 9.f4, but I elected to slow down
Black's queenside play first, rather than just going for broke on the kingside.
} 9. a4 a6 10. Be3 b5 11. axb5 axb5 12. Qd2 Qb6 $6 {The first new move, but I
didn't really like it for Black since the queen seems to be more in the way
and potentially vulnerable here.} ({I was expecting} 12... b4 13. Nd5 {and now
either} Nxd5 ({or} 13... Nd7 {, but in either case Black is fine.}) 14. exd5
Ne5) 13. Bh6 b4 $6 {Again I didn't think this move was the best. Black is
picking a fight while not fully developed, which often backfires.} (13... e6)
14. Na4 (14. Nd5 {was perhaps a bit better, but I didn't like that after} Nxd5
15. exd5 Ne5 {my light-squared bishop's diagonal is blocked.}) 14... Qb5 ({
Continuing the aggressive action, but retreating with} 14... Qc7 {would have
saved Tim a lot of grief later.}) 15. Bxg7 Kxg7 16. b3 $1 {Stockfish claims
this is equal, but I was very happy with my position here since now Black's
queenside operations are dramatically slowed down.} Nd7 17. f4 {Now it's time
to get back to the kingside attack.} Nb6 18. Nb2 $1 {Trading would only help
Black.} e6 $6 {Stockfish is not a fan of this.} (18... Bb7 {Develop!}) 19. Nc4
({I thought} 19. f5 $1 {was premature but the computer disagrees. If Black
dares to play} exf5 20. exf5 Bxf5 {there are a number of promising
continuations, the most forcing of which is} 21. Rxf5 gxf5 22. Qg5+ Kh8 23.
Qf6+ Kg8 24. Nf4 {with a very strong attack.}) 19... Rd8 ({The best try was} 
19... Nxc4 $1 20. dxc4 Qb6 $1 {since the d-pawn is poisoned:} 21. Qxd6 $4 Rd8)
({A cute trick is} 19... d5 $4 20. Nd6 {and Black's queen is trapped!}) 20. e5
$5 {Stockfish claims this is a mistake, but I thought it was the most direct
and the game continuation turns out perfectly.} (20. f5 $1 {is once again the
computer favorite, with a possible continuation} Nxc4 21. dxc4 Qb6 22. fxg6
fxg6 23. Qg5 Ne5 24. Nf4 {and Black at least has a chance to defend, unlike in
the game.}) 20... dxe5 $2 ({Again better was} 20... Nxc4 21. dxc4 Qb6 {
although here after} 22. exd6 Nd4 23. Nxd4 Rxd6 24. Nxe6+ Bxe6 25. Qe3 {
, Black remains a pawn down.}) 21. fxe5 Nxc4 22. bxc4 {Now Tim thought for
awhile, perhaps realizing the difficulties he had fallen into.} Qb6 ({The
tactical justification to my decision to push e5 was that here} 22... Qxc4 $2 {
allows} 23. Bxc6) 23. Qg5 $1 {This was the most difficult and important move
for me to find.} ({Originally I was intending the natural} 23. Qf4 $2 {
attacking along the f-file with threats like Qxf7+ and Bxc6 followed by Qf6+,
but Black can defend with simply} Rd7 {. However in the game line, by having
my queen not sitting on the f4-square, I can meet this move by bringing
another attacker into the fray.}) 23... Rd7 24. Nf4 $1 {Suddenly Black is
simply lost, as his pieces are too uncoordinated and his king too weak to
defend.} Rc7 ({The best try was} 24... Kg8 {but} 25. Nh5 f5 26. exf6 Rf7 27.
Be4 {still leaves me with far too many threats.}) 25. Nh5+ Kg8 {Others lose
more quickly:} (25... Kf8 26. Qf6 gxh5 27. Qh8+ Ke7 28. Rxf7+ $1 Kxf7 29. Rf1+
Ke7 30. Qg7+ Kd8 31. Rf8#) (25... Kh8 26. Qf6+ Kg8 27. Qg7#) 26. Rf4 Bb7 {
Better late than never, I suppose.} 27. Nf6+ Kg7 28. Rh4 Nd4 {This move allows
about six different forced mates, and I picked the quickest but least
interesting one.} 29. Qh6+ ({Much prettier is} 29. Rxh7+ $1 Kf8 30. Rh8+ Ke7
31. Ng8+ $1 ({or} 31. Nd5+ Kd7 32. Nxb6# {, which is also quite nice.}) 31...
Ke8 (31... Kd7 32. Qe7+ Kc8 33. Qe8#) (31... Kf8 32. Nh6+ Kg7 33. Qf6#) 32.
Qe7+ $3 {(Diagram here please!)} Rxe7 33. Nf6#) 29... Kh8 30. Qxh7# {
CheeseBreadFuzzyHead won by checkmate} ({Even here,} 30. Qf8+ $1 Rxf8 31. Rxh7#
{would be cuter. Maybe next year...}) 1-0

[Event "Invitational"]
[Site "Chess.com"]
[Date "2021.02.15"]
[Round "7"]
[White "Ackerman, Ryan"]
[Black "Bian, Erin"]
[Result "0-1"]
[WhiteElo "1922"]
[BlackElo "1795"]
[Annotator "Ryan Ackerman"]
[PlyCount "78"]
[EventDate "2021.02.13"]
[EventType "tourn"]
[EventRounds "9"]
[TimeControl "3600+10"]

1. d4 Nf6 2. c4 e6 3. Nf3 b6 4. Bg5 h6 5. Bh4 c5 6. d5 $1 d6 7. Nc3 Be7 {
"Is 8. e4 playable?" is the question I asked myself. I answered this question
erroneously which became the basis for my illogical decision thereafter. 
[diagram]} 8. Bxf6 $6 (8. e4 $1 Nxd5 $6 9. exd5 Bxh4 10. Nxh4 Qxh4 11. dxe6 $1)
8... Bxf6 9. Qc2 Bxc3+ 10. Qxc3 O-O $10 11. e4 e5 12. Bd3 Nd7 {The knight is
beckoned by the f4 square. It's a match made in heaven but Lord Capulet wants
to hinder this development from happening. What's the best way to do so? 
[diagram]} 13. g4 $6 (13. Nd2 $1 Nf6 14. Be2 $1) 13... Re8 14. Rg1 {Despite
the aggressive tonality of this plan I was well aware that black is already
slightly better and a draw would be an acceptable result for me.} Nf8 15. g5 h5
16. h4 $5 Ng6 17. Be2 Bg4 18. Nh2 $6 {My small errors are slowly adding up and
it seems I'm unwittingly allowing Biam to outplay me positionally. But her
triumph this game had more to do with superior calculation: I thought the pawn
on h4 was taboo. It wasn't.} (18. O-O-O $1 Nf4 19. Rde1 a6 20. Kb1 b5 21. Bf1
Bxf3 22. Qxf3 Qa5 23. Be2 Reb8 24. Rc1 Rb6 25. Rc2 bxc4 26. Bxc4 Rab8 27. Rgc1
Qb4 28. Bb3 Qd4 $15) 18... Bxe2 19. Kxe2 Nxh4 $1 20. Nf1 (20. Qh3 $2 Ng6 $1 {
Whoops. I didn't look far enough.}) 20... Ng6 21. Kd2 Nf4 $17 {Lord Capulet:
*smh*} 22. Ne3 g6 23. Rg3 $1 a6 24. Ng2 Nxg2 25. Rxg2 b5 26. b3 $5 (26. Rh1 {
Might've been more resilient.} bxc4 {although defensive measures are still
mandatory for some time. White cannot do a hail marry:} 27. Kc1 $1 (27. Rgh2 $4
Qxg5+ $19) (27. Qf3 Qa5+ 28. Kc2 Qxa2 $19) 27... Rb8 28. f3 Rb4 29. Kb1 Qb6 30.
Rf1 Rb8 31. f4 exf4 32. Rxf4 Qa5 33. Rf3 Ra4 34. Qxa5 Rxa5 35. Rf6 {Keeping
black's advantage to a minimum; albiet still a significant one after:} c3 $1
36. Rxd6 h4 $1) 26... bxc4 27. Qxc4 Qa5+ 28. Qc3 Qxc3+ 29. Kxc3 Rab8 30. a3 $5
a5 31. Rg3 Rb5 $1 {[%eval -167,0] HIARCS} 32. Kc4 Reb8 33. Rf3 Kg7 34. Rh1 $2 {
34. Rb1 would've kept matters more complicated. But I had less then 10 minutes
remaining and I made a major oversight as a result of misevaluating the
viability of:} a4 $1 $19 {She outplayed me.} 35. bxa4 Ra5 36. Rb3 Rxa4+ 37. Kc3
Rba8 38. Ra1 R8a6 39. Kb2 $2 Rxe4 {ErinBian won by checkmate} 0-1

[Event "Premier"]
[Site "Chess.com"]
[Date "2021.02.14"]
[Round "6"]
[White "Anand, Vignesh"]
[Black "Malugu, Satyajit"]
[Result "1-0"]
[WhiteElo "2085"]
[BlackElo "2156"]
[Annotator "Vignesh Anand"]
[PlyCount "129"]
[EventDate "2021.02.13"]
[EventType "tourn"]
[EventRounds "9"]
[TimeControl "3600+10"]

1. d4 Nf6 2. c4 g6 3. Nc3 Bg7 4. e4 d6 5. Be2 c5 6. d5 (6. dxc5 {This move
looks tempting as after dxc5, white can force the trade of Queens, and easily
develop to a better position in the endgame. However, Black has the move Qa5!
in this position, and white would have to play accurately to maintain his
advantage}) 6... e6 7. dxe6 Bxe6 8. Nf3 (8. Bf4 {this looks to win the pawn on
d6, but Qa5 yet again makes things tricky for White.}) 8... O-O 9. O-O Qb6 10.
Qc2 Nc6 11. Rd1 Nd4 12. Nxd4 cxd4 13. Na4 {This move intuitively doesn't feel
right, but after deep calculations, I thought I should be fine} Qc6 14. Rxd4
Nd7 15. Rd1 b5 16. Nc3 Bxc4 {Here I missed the move Bf4, which would complete
my development and secure myself a better position as Black has the annoying
isolated d6 pawn to deal with.} 17. Bxc4 Qxc4 18. Qd3 (18. Rxd6 Nc5 {And now
my e4 pawn is weak, and black has threats like b4 winning the knight, and its
hard to hold onto everything so I concluded that being pawn greedy wasn't the
best option here}) 18... Qxd3 19. Rxd3 Nc5 {I started to realize that I might
be on the backfoot here because there wasn't a lot of good options for me, and
my clock continued to tick down} 20. Re3 {I started to feel frustrated here
after spending a lot of time to have to play this passive move, and give my
opponent the initiative} (20. Rxd6 Bxc3 21. bxc3 Nxe4 22. Rd3 Rfd8 {this
position with the undeveloped bishop on c1, a weak back rank, and an
isolated-backwards pawn on c3 looks to ugly for me to try to hold this}) 20...
b4 21. Nd5 a5 22. Re2 {Trying to give my pieces space to develop} Rae8 23. f3
f5 24. Bf4 Bd4+ {At this point, my loss of the e4 pawn was almost guaranteed,
but I still had 1 trick left up my sleeve.} 25. Be3 Bxe3+ 26. Rxe3 fxe4 27.
Rae1 {I played this move quickly, and then proceed to pretend to be frustrated
on the camera, hoping that my opponent would see exf3 and think it is a
brilliant winning move.} exf3 28. Nf6+ $1 {The interference between the Rook
on f8 and the pawn on f3 allows me to win an exchange here} (28. Rxe8 f2+ 29.
Kh1 Rxe8 30. Rxe8+ Kf7 {The line that my opponent most definitely calculated
to think he was winning here}) 28... Rxf6 29. Rxe8+ Kg7 30. gxf3 Rxf3 {Here
I'm probably wining with best play, but I was running really low on the clock
at this point and needed to find the most accurate moves to win} 31. R1e7+ Rf7
32. Rxf7+ Kxf7 33. Ra8 a4 34. Kf1 h5 35. Ke2 g5 36. Rh8 h4 37. Ke3 Kf6 38. Kd4
Kf5 39. Rh6 Ne4 40. Kc4 a3 41. b3 Ke5 $2 {This move definitely surprised me as
it was a huge mistake by my opponent. Kg4 looked like the most dangerous line
to go after my h-pawn, but now I'm winning} 42. Kxb4 d5 43. Kxa3 Kd4 44. Kb4
Ke3 45. Rh8 d4 46. a4 d3 47. a5 g4 48. a6 d2 49. Rd8 g3 50. hxg3 h3 $1 {
I overlooked this move in time pressure, and then started to panic because I
thought I had an easy win, and now we were both going to promote into a
chaotic endgame where I had jst a few seconds on the clock and was practically
playing on the increment} 51. a7 h2 52. a8=Q h1=Q 53. Qa7+ Ke2 54. Qa6+ {
I'm now just frantically throwing in checks to gain increment on the clock so
I can spend more time to think} Ke3 $2 {Definitely a huge mistake allowing me
to play Qd3+} 55. Qd3+ Kf2 56. Rf8+ Ke1 57. Qe3+ Kd1 58. Qd3 Ke1 {Here my
opponent offered me a draw, but I really didn't want one as I knew I would be
disappointed, not being able to convert an endgame up an exchange} 59. Re8 $5 {
A very interesting move that spices up the game} (59. Ra8 {The winning
continuation according to Stockfish} d1=Q 60. Qxd1+ Kxd1 61. Ra1+ {should be
an easy1-0, but I missed this line due to time pressure once again}) 59... d1=Q
{forced} 60. Rxe4+ Kf2 61. Rf4+ {Here my opponent missed a perpetual with Ke1,
after which I'm forced to repeat. However, in a time scramble, Ke1 doesn't
feel like the most intuitive move} Kg2 $4 {Now the game is lost} (61... Ke1 62.
Qe3+ Qe2 63. Qc1+ Qd1 64. Qe3+ Qe2 65. Qc1+ Qd1 {1/2-1/2}) 62. Qe4+ Kxg3 63.
Qe3+ Kg2 64. Qf2+ Kh3 65. Rh4# {VigneshRar won by checkmate} 1-0